• 首页
  • 本馆介绍
  • 公告通知
  • 最新文献
  • 馆藏检索
  • 电子资源
  • 读者导购
  • 参考咨询
  • 我的图书馆
  • 登录
  • 详细信息显示
  • 放入我的书架
  • 预约/预借图书
  • 作者相关作品
  • 分类相关作品
  • 丛书相关作品
  • 出版社相关作品

书目信息

  • 表格格式
  • 工作单格式
  • 卡片格式
题名:
全民健身的实用路径及保障体系构建
    
 
作者: 徐金庆 , 高洪杰 著
分册:  
出版信息: 北京   中国书籍出版社  2021.1
页数: 268页
开本: 24cm
丛书名: 艺术体育论著丛刊
单 册:
中图分类: G811.4
科图分类:
主题词: 全民健身--保障体系--研究
电子资源:
ISBN: 978-7-5068-7912-5
000 01146nam2 2200289 45
001 012001001127
005 20130910151437.0
010    @a978-7-5068-7912-5@dCNY84.00
100    @a20201125d2021 em y0chiy0110 ea
101 0  @achi
102    @aCN@b110000
105    @aa az 000yy
106    @ar
200 1  @a全民健身的实用路径及保障体系构建@Aquan min jian shen de shi yong lu jing ji bao zhang ti xi gou jian@f徐金庆, 高洪杰著
210    @a北京@c中国书籍出版社@d2021.1
215    @a268页@c图@d24cm
225 2  @a艺术体育论著丛刊@i高校学术研究论著丛刊
320    @a有书目(第266-268页)
330    @a本书以全民健身基本理论知识为切入点,在分析全民健身科学发展与相关政策的基础上,重点就全民健身的健身理论、学校健身路径、社区健身路径、农村健身路径进行了系统研究,并就全民健身制度保障体系、全民健身组织管理体系、全民健身服务体系进行了全面系统阐析。
461  0 @12001 @a艺术体育论著丛刊
462  0 @12001 @a高校学术研究论著丛刊
606 0  @a全民健身@x保障体系@x研究
690    @aG811.4@v5
701  0 @a徐金庆@Axu jin qing@4著
701  0 @a高洪杰@Agao hong jie@4著
801    @aCN@b江苏凤凰@c20211018
905    @b1342303-6@dG811.4@e104@f4
    
    全民健身的实用路径及保障体系构建/徐金庆, 高洪杰著.-北京:中国书籍出版社,2021.1
    268页:图;24cm.-(艺术体育论著丛刊.高校学术研究论著丛刊)
    
    
    ISBN 978-7-5068-7912-5:CNY84.00
    本书以全民健身基本理论知识为切入点,在分析全民健身科学发展与相关政策的基础上,重点就全民健身的健身理论、学校健身路径、社区健身路径、农村健身路径进行了系统研究,并就全民健身制度保障体系、全民健身组织管理体系、全民健身服务体系进行了全面系统阐析。
●
相关链接 在E读中查询图书 在五车中查询图书 在当当中查询图书 在豆瓣中查询图书


正题名:全民健身的实用路径及保障体系构建     索取号:G811.4/104         预约/预借

序号 登录号 条形码 馆藏地/架位号 状态 备注
1 1342303   213423035   第一样本阅览室/ [索取号:G811.4/104] 在馆    
2 1342304   213423044   第四借阅区/ [索取号:G811.4/104] 在馆    
3 1342305   213423053   第四借阅区/ [索取号:G811.4/104] 在馆    
4 1342306   213423062   第四借阅区/ [索取号:G811.4/104] 在馆    
唐山师范学院图书馆 欢迎您!
大连网信软件有限公司© 版权所有